000 00511nam a2200157Ia 4500
008 230907s9999||||xx |||||||||||||| ||und||
082 _a621
_bALI
100 _aMuhammad Ali Tariq (00000277252)
_9116713
245 0 _aSynthesis and Characterization of Inorganic hole transport layer for Perovskite Solar Cells /
260 _aUSPCAS-E, NUST,
_bIslamabad :
_c2022
300 _axiii, 82 p.
520 _aTH-382
650 _aMS-ESE Thesis MS Thesis
700 _aDr. Nadia Shahzad
_9117122
942 _cTHE
_2ddc
999 _c602060
_d602060